[Event "AUT-ch U16 Online Rapid"]
[Site "Playchess.com INT"]
[Date "2020.12.13"]
[Round "4"]
[White "Jungwirth, Patrik"]
[Black "Maier, Marco"]
[Result "0-1"]
[WhiteElo "1336"]
[BlackElo "1385"]
[PlyCount "96"]
[EventDate "2020.12.13"]
[EventType "swiss (rapid)"]
[EventRounds "7"]
[EventCountry "AUT"]
[SourceTitle "EXT 2022"]
[Source "ChessBase"]
[SourceDate "2021.10.06"]
[SourceVersion "1"]
[SourceVersionDate "2021.10.06"]
[SourceQuality "1"]

1. e4 e5 2. d4 exd4 3. Qxd4 Nc6 4. Qe3 Nf6 5. Nc3 Be7 6. Bd2 0-0 7. 0-0-0 d6 8. Nf3 Bg4 9. Be2 Be6 10. e5 Ng4 11. Qf4 Nxf2 12. Rhf1 Nxd1 13. Bxd1 dxe5 14. Nxe5 Bd6 15. Nxc6 Bxf4 16. Nxd8 Bxd2+ 17. Kxd2 Raxd8+ 18. Kc1 Bc4 19. Rf4 Bd5 20. g3 Rfe8 21. Kb1 Re1 22. Rd4 c6 23. Kc1 f6 24. Kd2 Rh1 25. h4 Rh2+ 26. Kc1 Kf7 27. Nxd5 Rxd5 28. Rxd5 cxd5 29. b3 Rh3 30. Bf3 Rxg3 31. Bxd5+ Ke7 32. Bxb7 f5 33. Ba6 Re3 34. Bd3 Kf6 35. Kd2 f4 36. Bxh7 Rh3 37. Bd3 Rxh4 38. c4 Ke5 39. c5 Kd5 40. b4 Rh2+ 41. Kc3 f3 42. Bb5 Rh1 43. c6 f2 44. c7 Rc1+ 45. Kb3 Rxc7 46. a4 Rc1 47. a5 f1Q 48. Bxf1 Rxf1 0-1

[Event "AUT-ch U16 Online Rapid"]
[Site "Playchess.com INT"]
[Date "2020.12.13"]
[Round "1"]
[White "Jungwirth, Patrik"]
[Black "Tumanyan, Gor"]
[Result "0-1"]
[WhiteElo "1363"]
[BlackElo "1634"]
[PlyCount "64"]
[EventDate "2020.12.13"]
[EventType "swiss (rapid)"]
[EventRounds "7"]
[EventCountry "AUT"]
[SourceTitle "EXT 2022"]
[Source "ChessBase"]
[SourceDate "2021.10.06"]
[SourceVersion "1"]
[SourceVersionDate "2021.10.06"]
[SourceQuality "1"]

1. e4 e6 2. d4 d5 3. e5 c5 4. dxc5 Bxc5 5. Nf3 Nc6 6. Bb5 Nge7 7. 0-0 0-0 8. Bg5 Qb6 9. a4 Ng6 10. h3 Ncxe5 11. Nxe5 Nxe5 12. Bf4 Ng6 13. Bg3 a6 14. a5 Qxb5 15. Nc3 Qc6 16. Rb1 Bb4 17. Qd4 Qc5 18. Qxc5 Bxc5 19. b4 Bd4 20. Rb3 Bd7 21. Rd1 Be5 22. Bxe5 Nxe5 23. Re1 Nc4 24. Rd1 Rfc8 25. Rd4 Rc7 26. Kh1 Rac8 27. Rd3 h6 28. Kg1 Ne5 29. Re3 d4 30. Rxe5 Rxc3 31. Rxc3 Rxc3 32. Re2 Rc4 0-1

[Event "AUT-ch U16 Online Rapid"]
[Site "Playchess.com INT"]
[Date "2020.12.13"]
[Round "2"]
[White "Strobl, Samuel"]
[Black "Jungwirth, Patrik"]
[Result "1-0"]
[WhiteElo "1826"]
[BlackElo "1352"]
[PlyCount "65"]
[EventDate "2020.12.13"]
[EventType "swiss (rapid)"]
[EventRounds "7"]
[EventCountry "AUT"]
[SourceTitle "EXT 2022"]
[Source "ChessBase"]
[SourceDate "2021.10.06"]
[SourceVersion "1"]
[SourceVersionDate "2021.10.06"]
[SourceQuality "1"]

1. e4 e5 2. Nf3 Nc6 3. Bb5 d6 4. d4 exd4 5. Nxd4 Bd7 6. Nc3 a6 7. Be2 Nf6 8. Be3 Be7 9. Qd2 Nxd4 10. Bxd4 c5 11. Be3 Bc6 12. f3 b5 13. 0-0 b4 14. Nd5 a5 15. Bc4 0-0 16. Rad1 Ra7 17. h3 a4 18. Nxe7+ Qxe7 19. Qxd6 Qxd6 20. Rxd6 Ba8 21. Rfd1 Ne8 22. Rd8 Bc6 23. Bxc5 Rc7 24. Bxf8 Kxf8 25. b3 a3 26. Kf2 Ke7 27. Ke3 Bd7 28. R1xd7+ Rxd7 29. Rxd7+ Kxd7 30. Bb5+ Ke7 31. Bxe8 Kxe8 32. Kd4 Kd7 33. Kc4 1-0